[Event "BLR-chT U18"]
[Site "Gomel"]
[Date "2024.03.05"]
[Round "7.4"]
[White "Luhinin, Maksim"]
[Black "Tsarkou, Mikhail"]
[Result "1/2-1/2"]
[WhiteElo "2000"]
[BlackElo "2000"]
[PlyCount "83"]
[EventDate "2024.03.01"]
[EventType "tourn"]
[EventRounds "7"]
[EventCountry "BLR"]
[SourceTitle "CB11_2024"]
[SourceDate "2024.03.13"]
[SourceVersion "1"]
[SourceVersionDate "2024.03.13"]
[SourceQuality "1"]

1. e4 c5 2. Nc3 Nc6 3. f4 d6 4. Nf3 g6 5. Bc4 Bg7 6. 0-0 e6 7. d4 cxd4 8. Nb5 Nge7 9. Bb3 a6 10. Nbxd4 0-0 11. Be3 Na5 12. c3 Nxb3 13. Qxb3 Qc7 14. Rad1 e5 15. Nc2 Be6 16. Qb4 Nc6 17. Qxd6 Qxd6 18. Rxd6 exf4 19. Bxf4 Bxa2 20. Rd7 Bc4 21. Rf2 b5 22. Ne3 Bb3 23. Nd5 Rad8 24. Rc7 Nb8 25. Rd2 h6 26. Rb7 Nc6 27. Bc7 Ra8 28. Nb6 Ra7 29. Rxa7 Nxa7 30. Nd4 Bc4 31. e5 Re8 32. Nxc4 bxc4 33. Nf3 Nb5 34. Bd6 g5 35. Rd5 Rd8 36. Nd2 Bxe5 37. Rxe5 Rxd6 38. Nxc4 Rc6 39. Ne3 Kg7 40. Kf2 Kf6 41. Ng4+ Kg7 42. Ne3 1/2-1/2

[Event "BLR-chT U18"]
[Site "Gomel"]
[Date "2024.03.04"]
[Round "6.4"]
[White "Tsarkou, Mikhail"]
[Black "Tsevelyuk, Illia"]
[Result "1/2-1/2"]
[WhiteElo "2000"]
[BlackElo "1800"]
[PlyCount "77"]
[EventDate "2024.03.01"]
[EventType "tourn"]
[EventRounds "7"]
[EventCountry "BLR"]
[SourceTitle "CB11_2024"]
[SourceDate "2024.03.13"]
[SourceVersion "1"]
[SourceVersionDate "2024.03.13"]
[SourceQuality "1"]

1. d4 f5 2. f4 Nf6 3. Nf3 g6 4. e3 Bg7 5. b3 0-0 6. Bd3 d6 7. Bb2 Nc6 8. h3 e5 9. fxe5 dxe5 10. dxe5 Nd7 11. Bc4+ Kh8 12. Qd5 Ndxe5 13. Nxe5 Qxd5 14. Bxd5 Nxe5 15. Ke2 c6 16. Bf3 Be6 17. Nd2 Rae8 18. Rhe1 Kg8 19. Bd4 Rf7 20. Rad1 b6 21. c4 c5 22. Ba1 Rfe7 23. Nf1 f4 24. e4 h5 25. Kf2 Kh7 26. Rd6 Kh6 27. Nh2 Nf7 28. Bxg7+ Kxg7 29. Rd2 Kf6 30. h4 Ne5 31. Rd6 Nf7 32. Rd2 Rh8 33. Bd1 Ne5 34. Nf3 Nf7 35. e5+ Kg7 36. Re4 Bf5 37. Rxf4 Nxe5 38. Nxe5 Rxe5 39. Bc2 1/2-1/2